000
00342nam a2200145Ia 4500
008
191201s2008 xx 000 0 und d
082
_a
621.3815
_b
BOI
100
_a
BOTKAR, K R
245
0
_a
Integrated Circuits
250
_a
10th
260
_a
N.Delhi
_b
Khanna Publisher
_c
2008
300
_a
1120
650
_a
B.Tech(ECE)
942
_2
ddc
_c
BK
999
_c
1684
_d
1684